Airport Codes Extreme (India) - Statistics

General Stats
  • This quiz has been taken 47 times
  • The average score is 34 of 72
Answer Stats
Code Airport % Correct
DEL Delhi
93%
DEL Delhi
93%
MAA Chennai
89%
BOM Mumbai
89%
HYD Hyderabad
86%
CCU Kolkata
86%
BLR Bengaluru
82%
COK Cochin
82%
AMD Ahmedabad
79%
PNQ Pune
75%
BHO Bhopal
71%
JAI Jaipur
71%
ATQ Amritsar
68%
NAG Nagpur
68%
PAT Patna
68%
SXR Srinagar
68%
BBI Bhubaneswar
64%
LKO Lucknow
64%
GOI Goa
61%
GAU Guwahati
61%
IDR Indore
61%
TRV Trivandrum
61%
VTZ Visakhapatnam
61%
UDR Udaipur
57%
VNS Varanasi
57%
IXA Agartala
54%
IXJ Jammu
54%
JDH Jodhpur
54%
IXL Leh
54%
RPR Raipur
54%
IXR Ranchi
54%
CJB Coimbatore
50%
IXE Mangalore
50%
SHL Shillong
50%
IXD Allahabad
46%
DED Dehradun
46%
GAY Gaya
46%
IMF Imphal
46%
IXM Madurai
46%
MYQ Mysore
46%
IXB Bagdogra
43%
IXC Chandigarh
43%
JLR Jabalpur
43%
TIR Tirupati
43%
GWL Gwalior
39%
IXZ Port Blair
39%
SLV Shimla
39%
STV Surat
39%
DIB Dibrugarh
36%
DIU Diu
36%
KNU Kanpur
36%
CCJ Kozhikode
36%
ISK Nashik
36%
RAJ Rajkot
32%
VGA Vijayawada
32%
TRZ Tiruchirappalli
29%
AJL Aizawl
25%
IXU Aurangabad
25%
DMU Dimapur
25%
CNN Kannur
25%
KLH Kolhapur
25%
BDQ Vadodara
25%
PYG Gangtok
21%
GOP Gorakhpur
21%
AGX Agatti
18%
RJA Rajahmundry
18%
IXS Silchar
14%
JGA Jamnagar
11%
HJR Khajuraho
11%
PNI Pondicherry
7%
RDP Durgapur
4%
IXT Pasighat
4%
No matching quizzes found
Score Distribution
Percent of People with Each Score
Percentile by Number Answered
Your Score History
You have not taken this quiz